Welcome to CU Library Online Public Access Catalogue (OPAC)

College algebra / (Record no. 1477)

MARC details
000 -LEADER
fixed length control field 00859cam a2200265 a 4500
001 - CONTROL NUMBER
control field 14028462
005 - DATE AND TIME OF LATEST TRANSACTION
control field 20241122173825.0
008 - FIXED-LENGTH DATA ELEMENTS--GENERAL INFORMATION
fixed length control field 050707s2007 njua 001 0 eng
020 ## - INTERNATIONAL STANDARD BOOK NUMBER
International Standard Book Number 0131953664 (alk. paper)
020 ## - INTERNATIONAL STANDARD BOOK NUMBER
International Standard Book Number 9780131953666 (alk. paper)
020 ## - INTERNATIONAL STANDARD BOOK NUMBER
International Standard Book Number 0132191415 (student ed. : alk. paper)
020 ## - INTERNATIONAL STANDARD BOOK NUMBER
International Standard Book Number 9780132191418 (student ed. : alk. paper)
020 ## - INTERNATIONAL STANDARD BOOK NUMBER
International Standard Book Number 9780321552143 (pbk.)
020 ## - INTERNATIONAL STANDARD BOOK NUMBER
International Standard Book Number 0321552148 (pbk.)
050 00 - LIBRARY OF CONGRESS CALL NUMBER
Classification number QA152.3
Item number .B642 2007
082 00 - DEWEY DECIMAL CLASSIFICATION NUMBER
Classification number 512.9
Edition information 22
100 1# - MAIN ENTRY--PERSONAL NAME
Personal name Blitzer, Robert.
245 10 - TITLE STATEMENT
Title College algebra /
Statement of responsibility, etc. Robert Blitzer.
250 ## - EDITION STATEMENT
Edition statement 4th ed.
260 ## - PUBLICATION, DISTRIBUTION, ETC.
Place of publication, distribution, etc. Upper Saddle River, NJ :
Name of publisher, distributor, etc. Pearson Prentice Hall,
Date of publication, distribution, etc. c2007.
300 ## - PHYSICAL DESCRIPTION
Extent xxiv. (various pagings) :
Other physical details col. ill. ;
Dimensions 29 cm. +
Accompanying material 2 DVD-ROMS (4 3/4 in.)
500 ## - GENERAL NOTE
General note Includes indexes.
650 #0 - SUBJECT ADDED ENTRY--TOPICAL TERM
Topical term or geographic name entry element Algebra
Form subdivision Textbooks.
942 ## - ADDED ENTRY ELEMENTS (KOHA)
Source of classification or shelving scheme Library of Congress Classification
Koha item type Books
Edition 4th ed.
Suppress in OPAC No
999 ## -
-- 1477
-- 1477
Holdings
Withdrawn status Lost status Source of classification or shelving scheme Damaged status Not for loan Collection Home library Current library Shelving location Date acquired Total checkouts Full call number Barcode Date last seen Copy number Price effective from Koha item type
    Library of Congress Classification     Non-fiction Science Library (Miotso) Science Library (Miotso) General stacks 11/22/2024   QA152.3 .B642 BLI SLM00000776 11/22/2024 1 11/22/2024 Books
    Library of Congress Classification     Non-fiction Science Library (Miotso) Science Library (Miotso) General stacks 11/22/2024   QA152.3 .B642 BLI SLM00000777 11/22/2024 2 11/22/2024 Books
    Library of Congress Classification     Non-fiction Science Library (Miotso) Science Library (Miotso) General stacks 11/22/2024   QA152.3 .B642 BLI SLM00000778 11/22/2024 3 11/22/2024 Books
    Library of Congress Classification     Non-fiction Science Library (Miotso) Science Library (Miotso) General stacks 11/22/2024   QA152.3 .B642 BLI SLM00000779 11/22/2024 4 11/22/2024 Books
    Library of Congress Classification     Non-fiction Science Library (Miotso) Science Library (Miotso) General stacks 11/22/2024   QA152.3 .B642 BLI SLM00000780 11/22/2024 5 11/22/2024 Books
    Library of Congress Classification     Non-fiction Science Library (Miotso) Science Library (Miotso) General stacks 11/22/2024   QA152.3 .B642 BLI SLM00000781 11/22/2024 6 11/22/2024 Books
    Library of Congress Classification     Non-fiction Science Library (Miotso) Science Library (Miotso) General stacks 11/22/2024   QA152.3 .B642 BLI SLM00000782 11/22/2024 7 11/22/2024 Books
© 2023-2024 Copyright: Central University Libraries. All Rights Reserved | Created by: Mahone Tech Office